000 00742nam a22002417i 4500
005 20200813140456.0
008 200813s2018 ii a|||b |||| 00| 1 tam d
020 _cRM21.28
_qpaperback
040 _aPPAK
_beng
_cPPAK
_erda
082 0 4 _223
_a894.8113
090 0 0 _a894.8113
_bSOD
_dK
100 1 _aSodhi, A.,
_eauthor.
245 1 0 _6880-01
_aSirippu Kadhaigal =
_bLaughter stories /
_cA. Sodhi
246 3 3 _aCirippu kataikaḷ
264 1 _aPuducherry, India:
_bNanmoli Pathippagam,
_c2018
300 _a64 pages :
_bcolour illustrations ;
_c22 cm
336 _2rdacontent
_atext
337 _2rdamedia
_aunmediated
338 _2rdacarrier
_avolume
650 1 0 _aChildren's stories, Tamil
650 2 0 _aTamil fiction
942 _2ddc
_cB
999 _c178621
_d178620